[Event "Rajkot RCPA op 2nd"]
[Site "Rajkot"]
[Date "2019.08.15"]
[Round "4"]
[White "Gajanan, Vijay Jayde"]
[Black "Patel, Suyogkumar M"]
[Result "1-0"]
[WhiteElo "1877"]
[BlackElo "1384"]
[PlyCount "149"]
[EventDate "2019.08.13"]
[EventType "swiss"]
[EventRounds "10"]
[EventCountry "IND"]
[SourceTitle "EXT 2021"]
[Source "ChessBase"]
[SourceDate "2020.10.23"]
[SourceVersion "1"]
[SourceVersionDate "2020.10.23"]
[SourceQuality "1"]

1. e4 e5 2. Nf3 d6 3. d4 exd4 4. Nxd4 Nf6 5. Nc3 Be7 6. Bc4 0-0 7. 0-0 h6 8. Re1 Re8 9. h3 Bf8 10. Bf4 Nbd7 11. Nf5 Ne5 12. Bb3 Bxf5 13. exf5 Qd7 14. Bxe5 Rxe5 15. Rxe5 dxe5 16. Qf3 c6 17. Rd1 Qc7 18. Ne4 Nxe4 19. Qxe4 Be7 20. Re1 Bf6 21. c3 Rd8 22. Re2 Qd6 23. a4 Qd3 24. Qxd3 Rxd3 25. f4 e4 26. Rxe4 Kf8 27. Re2 b5 28. Kf1 a5 29. Rc2 Bh4 30. axb5 cxb5 31. Ke2 Rd7 32. Ke3 Be7 33. Ke4 Bc5 34. Bd5 Re7+ 35. Kd3 Rd7 36. c4 bxc4+ 37. Kxc4 Bb4 38. Kd4 Ke7 39. Rc8 g6 40. fxg6 fxg6 41. Rh8 h5 42. Rh7+ Ke8 43. Rh6 Rg7 44. Ke5 Ke7 45. Rh8 Bd6+ 46. Ke4 Bb4 47. Ra8 h4 48. Ra6 Bd2 49. Kf3 Bc1 50. b3 Bd2 51. Kg4 Kf8 52. Kxh4 Bxf4 53. Rf6+ Ke7 54. Ra6 g5+ 55. Kh5 Bd2 56. Kh6 Bc3 57. Ra7+ Kf8 58. Rxg7 Bxg7+ 59. Kxg5 Bc3 60. Kg6 Be1 61. g4 Bg3 62. g5 Be1 63. Kh7 Bd2 64. g6 Bc3 65. h4 Bf6 66. h5 Be5 67. h6 Ke7 68. g7 Bxg7 69. hxg7 Kd6 70. g8Q Kc5 71. Qe6 Kb5 72. Qc6+ Kb4 73. Qc4+ Ka3 74. Qc3 Ka2 75. b4+ 1-0